| 000 | 00480nam a2200181 a 4500 | ||
|---|---|---|---|
| 001 | 1758436810762 | ||
| 003 | YourLibrary | ||
| 005 | 20250921121126.0 | ||
| 008 | 250921s2009##################000#0#eng## | ||
| 020 | _a9780849391699 | ||
| 082 | 0 | 4 |
_a572.88 _bGAV |
| 100 | 1 |
_aGaur, Rajesh K., _eauthor. |
|
| 245 | 1 | 0 | _aRegulation of Gene Expression by Small RNAs : |
| 260 |
_bCRC Press, _c2009. |
||
| 650 | 0 | _aScience. | |
| 942 | _cENGLISH | ||
| 040 |
_aYourLibrary _beng _cYourLibrary |
||
| 999 |
_c588504 _d588504 |
||